000
00319nam a2200145Ia 4500
100
_a
Bandyopadhyay/S
650
_a
Machines
942
_c
RB
245
_a
Machines and mechanisms
260
_b
Narosa Publication House
_c
2012
082
_a
621.8
_b
BAN
300
_a
593
546
_a
ENGLISH
_c
Info.Tech
999
_c
19079
_d
19079